| 000 | 00755cab a2200217 4500 | ||
|---|---|---|---|
| 001 | X90115 | ||
| 008 | 090401t1998 xxu||||| |||| 00| 0 eng d | ||
| 035 | _a(Sirsi) u84566 | ||
| 041 | _aeng | ||
| 245 | _aDe Vere Hotels Ltd v Aegon Insurance Co (UK) Ltd | ||
| 260 | _c1998 | ||
| 350 | _a0 | ||
| 490 |
_aConstruction Industry Law Letter _v[1998] CILL 1346-1348(3) |
||
| 520 | _aThe meaning of the certificate or statement of practical completion for the purposes of the bond - releas eof obligations under the bond. HEADNOTE FROM JOURNAL. | ||
| 650 | _aBONDS | ||
| 650 | _aDE VERE HOTELS LTD V AEGON INSURANCE CO (UK) LTD | ||
| 650 | _aPRACTICAL COMPLETION | ||
| 690 | _aBUILDING AND CONSTRUCTION-CASE LAW | ||
| 942 | _n0 | ||
| 948 | _c27/02/1998 | ||
| 999 |
_c53153 _d53153 |
||